000 00706nam a2200181 i 4500
001 188620
003 ES-MaACL
005 20250809030227.0
007 t|
008 190114s1958 sp ||||1| spa d
245 0 0 _aLegislación social vigente.
_pReglamentación Nacional de Trabajo en las Industrias Textiles (Sector lanero).
260 _aBarcelona :
_bLegislación Social Vigente,
_c1958.
300 _a1 v. (pag. var.) ;
_c21 cm.
650 4 _aTrabajadores de la industria textil-
_xEstatuto jurídico-
_zEspaña.
_9165911
650 0 4 _aDerecho laboral-
_zEspaña
_911726
852 _aES-MaACL
_jP-246-11
_q.- Ejemplar incompleto faltan las primeras 28 páginas
999 _c188620
_d188620